00424 2200169 4500245004900000020001800049250001100067100001700078700001800095650002000113005001900133260004200152041001400194084001400208300002300222336000900245 aStrategi Pemasaran HotelcOka A. YoetihText a979-605-461-5 aCet. 1 aOka A. Yoeti aHotman Manalu aPemasaran Hotel a20230529100126 aJakartabGramedia Pustaka Utamac1999 aIndonesia a647.94068 a180 hlm. :c21 cm. atext